00349nam a2200121 a 45000010005000000030005000050050017000100080041000270400020000681000026000882450093001142600020002072119CDMR20130312183527.0130130s1973||||||||||||||||||||||||||||d aCDMRbcatcCDMR1 aPuertas Sanchez, Juan13aLa liga 72/73cJuan Puertas Sanchezb: el Club de Futbol Barcelona y su prensa deportiva aBarcelonac1973